L'année 2003 en sport - Statistiques

Statistiques générales
  • Ce quiz a été pris 99 fois
  • Le résultat moyen est 6 sur 15
Statistiques - réponses
Hint Réponse % Correct
Pilote de formule 1 espagnol remportant son premier grand prix en Hongrie Fernando Alonso
90%
Entraineur du FC Porto, vainqueur de la coupe UEFA 2002-2003 José Mourinho
81%
Ville australienne, hôte de la finale de la coupe du monde de rugby Sydney
76%
Tenniswoman française gagnant 2 matchs lors de la finale de la Fed Cup et permettant la victoire de l'équipe de France Amélie Mauresmo
67%
Pays d'origine de Marc-Vivien Foé, tragiquement décédé lors de la demi-finale de la coupe des confédérations Cameroun
57%
Franchise NBA ayant drafté LeBron James Cleveland Cavaliers
45%
Nation ayant remporté le championnat d'Europe de basket masculin Lituanie
43%
Capitale européenne où la 1ère étape (prologue) du tour de France a eu lieu Paris
39%
Etat des Etats-Unis d'où Lance Armstrong ,vainqueur déchu du tour de France, est originaire Texas
34%
Buteur italien, meilleur buteur du Calcio avec l'Inter Milan Christian Vieri
24%
Dernière relayeuse française du 4x100 mètres lors du championnat du monde à Saint-Denis, championne avec Girard, Hurtis et Felix Christine Arron
22%
Athlète française championne du monde de saut en longueur Eunice Barber
19%
Président du Stade français, champion de France cette année-là Max Guazzini
16%
Pays d'origine de Maria Mutola, remportant les 6 médailles de la golden league en 800 mètres Mozambique
15%
Boxeur britannique conservant son titre de champion du monde face à Vitali Klitschko Lennox Lewis
5%
Aucun quiz correspondant
Distribution des résultats
% des personnes avec chaque résultat
Percentile par nombre de réponses
Votre historique - résultats
Vous n’avez pas pris ce quiz